<?xml version="1.0" encoding="UTF-8"?>
<record
    xmlns:xsi="http://www.w3.org/2001/XMLSchema-instance"
    xsi:schemaLocation="http://www.loc.gov/MARC21/slim http://www.loc.gov/standards/marcxml/schema/MARC21slim.xsd"
    xmlns="http://www.loc.gov/MARC21/slim">

  <leader>01453    a2200193   4500</leader>
  <controlfield tag="003">Nust</controlfield>
  <controlfield tag="005">20221123141542.0</controlfield>
  <datafield tag="040" ind1=" " ind2=" ">
    <subfield code="c">Nust</subfield>
  </datafield>
  <datafield tag="082" ind1=" " ind2=" ">
    <subfield code="a">621.3813,BRO</subfield>
  </datafield>
  <datafield tag="100" ind1=" " ind2=" ">
    <subfield code="a">Bronwell,  Arthur B.</subfield>
    <subfield code="9">103438</subfield>
  </datafield>
  <datafield tag="245" ind1=" " ind2=" ">
    <subfield code="a">Theory and application of microwaves /</subfield>
    <subfield code="c">Arthur B. Bronwell &amp; Robert E. Beam</subfield>
  </datafield>
  <datafield tag="250" ind1=" " ind2=" ">
    <subfield code="a">1st ed</subfield>
  </datafield>
  <datafield tag="260" ind1=" " ind2=" ">
    <subfield code="a">New York</subfield>
    <subfield code="b">McGraw-Hill</subfield>
    <subfield code="c">1947</subfield>
  </datafield>
  <datafield tag="300" ind1=" " ind2=" ">
    <subfield code="a">xv, 470 p.</subfield>
    <subfield code="b">illus</subfield>
    <subfield code="c">diagrs</subfield>
    <subfield code="e">24 cm</subfield>
  </datafield>
  <datafield tag="505" ind1=" " ind2=" ">
    <subfield code="a">Introduction (Page-1), Charges in Electric Fields(page-6), Current , Power and Energy Relationships (page-27) The Physical Basis of Equivalent Circuits (Page-43), Negative &#x2013; Grid Triode Oscillators and Amplifiers (Page-60), Transit-time Oscillators (Pae-74), Magnetron Oscillators (Page-112), Transmission &#x2013;line Equations (Page-146), Graphical Solution of Transmission &#x2013;line problems (Page-164), Transmissions &#x2013; line Networks (Page-176), Transmitting and Receiving Systems (Page-213), Pulsed Systems Radar (Page-237), Maxwell&#x2019;s Equations (Page-247), Propagation and Reflection of Plane Waves (Page-265), Solution of Electromagnetic &#x2013; Field Problems (Page-293), Wave Guide (Page-318) Impedance Discontinuities in Guides Resonators (Page-357), Applications of Wave Guide and Resonators (Page-384), Linear Antennas and Arrays (Page-400), Impedance of Antennas (Page-424) Other Radiating Systems (Page-437). </subfield>
  </datafield>
  <datafield tag="600" ind1=" " ind2=" ">
    <subfield code="a">Bronwell  Arthur B.</subfield>
    <subfield code="9">103439</subfield>
  </datafield>
  <datafield tag="650" ind1=" " ind2=" ">
    <subfield code="a">Telecommunication Engineering</subfield>
  </datafield>
  <datafield tag="942" ind1=" " ind2=" ">
    <subfield code="2">ddc</subfield>
    <subfield code="c">BK</subfield>
  </datafield>
  <datafield tag="999" ind1=" " ind2=" ">
    <subfield code="c">181843</subfield>
    <subfield code="d">181843</subfield>
  </datafield>
  <datafield tag="952" ind1=" " ind2=" ">
    <subfield code="0">0</subfield>
    <subfield code="1">0</subfield>
    <subfield code="2">ddc</subfield>
    <subfield code="4">0</subfield>
    <subfield code="7">0</subfield>
    <subfield code="a">MCS</subfield>
    <subfield code="b">MCS</subfield>
    <subfield code="c">GEN</subfield>
    <subfield code="d">2016-12-12</subfield>
    <subfield code="o">621.3813,BRO</subfield>
    <subfield code="p">MCS6696</subfield>
    <subfield code="r">2016-12-08</subfield>
    <subfield code="w">2016-12-12</subfield>
    <subfield code="y">BK</subfield>
    <subfield code="z">Almirah No.32, Shelf No.2</subfield>
  </datafield>
</record>
